000 00816nam a22002417a 4500
001 8426
003 FISKH
005 20260115162017.0
008 250911b cb ||||| |||| 00| 0 eng d
020 _a9781406303476
040 _aFISKH
_beng
_cFISKH
_dFISKH
050 _aBL782 .W56
082 _a398.2
100 _aWilliams, Marcia
245 _aGreek myths /
_cRetold and illutrated by Marcia Williams
250 _aFirst published 1991
260 _aLondon :
_bWalker Books ,
_c1991.
300 _a40 unnumbered pages :
_bcolor illustrations ;
_c31 cm .
520 _aRetells eight Greek myths in a comic strip format, including "Pandora's Box," "The Twelve Tasks of Heracles," and "Theseus and the Minotaur."
650 _aMyths and legends
_vPicture Books
942 _2ddc
_cBK
_n0
999 _c8426
_d8426